banner-ar

امير اللصوص : (Record no. 60267)

MARC details
000 -الفاتح
حقل البيانات ثابتة الطول 00937nam a22002417a 4500
005 - وقت وتاريخ اخر تعامل مع التسجيلة
رقم الضبط 20240530110401.0
008 - عناصر البيانات ثابتة الطول - معلومات عامة
حقل البيانات ثابتة الطول 150117s2007 ua o g 000 f ara d
017 ## - رقم الايداع القانونى
رقم الايداع القانونى 2007/17216
المصدر ( الهيئة المختصة) مصر . دار الكتب المصرية
020 ## - الرقم الدولى المعيارى للكتب
الرقم الدولى المعيارى للكتاب 9773042634
040 ## - مصدر الفهرسة
وكالة الفهرسة الأصلية EG-CaGPL
041 1# - رمز اللغة
رمز لغة النص/ المسارات الصوتية أو العنوان الانفرادي ara
رمز لغة الترجمات و/او الاصلية المتوسطة للنص ger
082 04 - رقم تصنيف ديوى العشرى
رقم الطبعة 21
رقم التصنيف 843.0872
رقم المادة ط/ف أ
100 1# - المدخل الرئيسى - إسم شخصى
الإسم الشخصى فونكه ، كورنيليا
245 10 - بيان العنوان
العنوان امير اللصوص :
بقية العنوان مع رسومات توضيحية وضعتها المؤلفة /
بيان المسئوليه,etc تاليف كورنيليا فونكه ؛ ترجمة علا عادل
250 ## - بيان الطبعة
بيان الطبعة ط 1
260 ## - PUBLICATION, DISTRIBUTION, ETC. (IMPRINT)
تاريخ النشر أو التوزيع 2007
300 ## - الوصف المادى
التعداد 471 ص ؛
أبعاد الوعاء 20 سم
650 04 - المدخل الاضافى بالموضوع-مصطلح موضوعى
مصطلح موضوعي القصص المترجمة
650 04 - المدخل الاضافى بالموضوع-مصطلح موضوعى
مصطلح موضوعي القصص الالمانية المترجمة
700 0# - المدخل الاضافى - اسم شخصى
الإسم الشخصى علا عادل
الدور مترجم
942 ## - عناصر المدخل الإضافي( كوها)
مصدر التصنيف او مخطط الترفيف Dewey Decimal Classification
Koha [default] item type كتاب
260 ## - PUBLICATION, DISTRIBUTION, ETC. (IMPRINT)
-- القاهرة :
-- دار الياس العصرية للطباعة و النشر ،
Holdings
حالة التراجع حالة الفقد حالة تلف ليس للاعارة المكان المؤقت الموقع الحالى تاريخ الاكتساب اجمالي اﻻعارات رقم الطلب الباركود تاريخ اخر مشاهدة تاريخ تفعيل السعر نوع وعاء كوها
        مكتبة القاهرة الكبرى مكتبة القاهرة الكبرى 01/20/2015   843.0872 ط/ف أ 159274 01/20/2015 01/20/2015 كتاب

Powered By

EGPV